000 00397nam a22001697a 4500
003 MPLRDC
005 20220104143313.0
008 210129b ||||| |||| 00| 0 eng d
082 _a997.12 HGJ
100 _a黄国俊编著
245 _a象棋入门浅说
_c
250 _a一版一刷
260 _a
_b蜀蓉棋艺出版社
_c1986
300 _b
650 _a
942 _cBK
_o997.12 HGJ
999 _c38595
_d38585